Expert Systems in the Organisation <An> Introduction for Decision-Makers

Guardado en:
Detalles Bibliográficos
Otros Autores: Chapman, Barbara, Savory, Stuart E.
Formato: Libro
Lenguaje:inglés
Publicado: Chichester Horwood 1988
Edición:1. ed.
Etiquetas: Agregar Etiqueta
Sin Etiquetas, Sea el primero en etiquetar este registro!

MARC

LEADER 00000nam a2200000 4500
001 c039562
005 20221219115822.9
041 0 |a eng 
044 |a US 
245 1 0 |a Expert Systems in the Organisation  |b <An> Introduction for Decision-Makers  |c [Z nem. prel.] Barbara Chapman ; Edit. Stuart E. Savory 
250 |a 1. ed. 
264 1 |a Chichester  |b Horwood  |c 1988 
300 |a 153 s. 
700 1 |a Chapman, Barbara 
700 1 |a Savory, Stuart E.